Politics of India since independence Ed 2 (Record no. 212079)

MARC details
000 -LEADER
fixed length control field 00609nam a2200205Ia 4500
008 - FIXED-LENGTH DATA ELEMENTS--GENERAL INFORMATION
fixed length control field 210719s2020 xx 000 0 und d
020 ## - INTERNATIONAL STANDARD BOOK NUMBER
International Standard Book Number 978-0-521-54305-7
041 ## - LANGUAGE CODE
Language code of text/sound track or separate title eng
082 ## - DEWEY DECIMAL CLASSIFICATION NUMBER
Classification number 320.954 BRAP
100 ## - MAIN ENTRY--PERSONAL NAME
Personal name BRASS (Paul R)
245 ## - TITLE STATEMENT
Title Politics of India since independence Ed 2
250 ## - EDITION STATEMENT
Edition statement 2
260 ## - PUBLICATION, DISTRIBUTION, ETC.
Place of publication, distribution, etc. New Delhi
Name of publisher, distributor, etc. Cambridge University Press
Date of publication, distribution, etc. 2020
300 ## - PHYSICAL DESCRIPTION
Extent xx,403
Other physical details PB
365 ## - TRADE PRICE
Price amount 999
Currency code Rs
440 ## - SERIES STATEMENT/ADDED ENTRY--TITLE
Title The new cambridge history of India
650 ## - SUBJECT ADDED ENTRY--TOPICAL TERM
Topical term or geographic name entry element Political Science
650 ## - SUBJECT ADDED ENTRY--TOPICAL TERM
Topical term or geographic name entry element Political Situation & Condition
906 ## - LOCAL DATA ELEMENT F, LDF (RLIN)
a 2 ; Ed ; independence ; India ; Politics ; since
Holdings
Withdrawn status Lost status Damaged status Not for loan Collection code Home library Current library Date acquired Source of acquisition Cost, normal purchase price Total Checkouts Total Renewals Full call number Barcode Date last seen Date last checked out Cost, replacement price Price effective from Koha item type
          St Aloysius Library St Aloysius Library 03/16/2021 Sapna Book House Pvt Ltd, K S Rao Road, Mangalore-575001 | General Annual 999.00 7 1 320.954 BRAP 074893 09/03/2025 07/09/2025 799.20 07/19/2021 Book